[Event "19th Hogeschool Zeeland Tournament"]
[Site "Vlissingen"]
[Date "2015.08.07"]
[Round "8"]
[Board "43"]
[White "Kampman, Tijmen"]
[Black "Hammann, Jonas"]
[Result "1-0"]
[WhiteElo "2102"]
[BlackElo "1845"]
[PlyCount "137"]
[EventDate "2015.08.01"]
[EventRounds "9"]
[EventCountry "NED"]

1. c4 e6 2. Nf3 d5 3. b3 Nf6 4. e3 Be7 5. Be2 O-O 6. O-O c5 7. Bb2 Nc6 8. d4
Ne4 9. Nbd2 Bf6 10. Rc1 cxd4 11. Nxe4 dxe4 12. Nxd4 Ne5 13. Qd2 Nd3 14. Bxd3
exd3 15. Nf3 Bxb2 16. Qxb2 b6 17. Rfd1 Bb7 18. Ne1 Qg5 19. Rxd3 Rad8 20. Rcd1
h5 21. Qc2 Rxd3 22. Qxd3 h4 23. h3 Qa5 24. Qd2 Qg5 25. Qd4 e5 26. Qg4 Qf6 27.
Rd2 Rd8 28. Qd1 Rxd2 29. Qxd2 Qe7 30. Kf1 Be4 31. f3 Bc6 32. a4 a6 33. Nc2 Qf6
34. Ne1 a5 35. Ke2 Qe7 36. Kd1 g6 37. Kc2 Qa3 38. Qc3 Qa2+ 39. Qb2 Qxb2+ 40.
Kxb2 f6 41. Ka3 Kf7 42. b4 f5 43. b5 Ba8 44. c5 bxc5 45. Nd3 e4 46. Ne5+ Kf6
47. f4 g5 48. Nc4 Bd5 49. b6 gxf4 50. exf4 Bb7 51. Kb2 e3 52. Nxe3 Ke6 53. Kc3
Kd7 54. Kc4 Kc6 55. Nxf5 Ba6+ 56. Kc3 Kxb6 57. Nxh4 Kc6 58. g4 Bf1 59. g5 Kd7
60. f5 Bxh3 61. Kc4 Kd6 62. Kb5 Bf1+ 63. Kxa5 Ke5 64. f6 Ke6 65. Ng6 Bc4 66. f7
Kxf7 67. Ne5+ Ke6 68. Nxc4 Kf5 69. Kb5 1-0

[Event "19th Hogeschool Zeeland Tournament"]
[Site "Vlissingen"]
[Date "2015.08.07"]
[Round "8"]
[Board "44"]
[White "Van Rij, Gert"]
[Black "Boulahfa, Hicham"]
[Result "0-1"]
[WhiteElo "1989"]
[BlackElo "2101"]
[PlyCount "140"]
[EventDate "2015.08.01"]
[EventRounds "9"]
[EventCountry "NED"]

1. d4 Nf6 2. c4 e6 3. Nf3 b6 4. g3 Bb7 5. Bg2 Be7 6. O-O O-O 7. Nc3 Ne4 8. Nxe4
Bxe4 9. Ne1 Bxg2 10. Nxg2 d5 11. Qa4 c5 12. cxd5 Qxd5 13. dxc5 Bxc5 14. Rd1 Qc6
15. Qxc6 Nxc6 16. Be3 Bxe3 17. Nxe3 Rfd8 18. Rxd8+ Rxd8 19. Rd1 Rxd1+ 20. Nxd1
f5 21. f4 e5 22. fxe5 Kf7 23. Nc3 Ke6 24. Kf2 Kxe5 25. e3 Nb4 26. Ke2 a6 27. a3
Nd5 28. Nd1 b5 29. Nf2 Nb6 30. Nd3+ Kd6 31. Kf3 a5 32. e4 fxe4+ 33. Kxe4 Nc4
34. h4 Nd2+ 35. Ke3 Nf1+ 36. Kf2 Nh2 37. Ke3 Kd5 38. Nc1 Kc4 39. Ke2 a4 40. Ke3
Nf1+ 41. Kf2 Nh2 42. Ke3 Ng4+ 43. Ke4 Nf2+ 44. Ke3 Nd1+ 45. Kd2 Nf2 46. Ke3
Ng4+ 47. Kf4 Nf6 48. g4 Kd4 49. g5 Nd5+ 50. Kf5 Ne3+ 51. Ke6 Ng2 52. Kf7 Nxh4
53. Kxg7 Nf3 54. Kxh7 Nxg5+ 55. Kg6 Ne4 56. Kf5 Nd6+ 57. Ke6 Nc4 58. b3 Nxa3
59. Kd6 Kc3 60. bxa4 bxa4 61. Kc5 Nc2 62. Kb5 a3 63. Ka4 Kb2 64. Nd3+ Kb1 65.
Nb4 Kb2 66. Nd3+ Ka2 67. Nc1+ Kb1 68. Ne2 Kb2 69. Nf4 a2 70. Nd3+ Kc3 0-1

[Event "19th Hogeschool Zeeland Tournament"]
[Site "Vlissingen"]
[Date "2015.08.07"]
[Round "8"]
[Board "45"]
[White "Dardha, Daniel"]
[Black "Elgersma, Simon"]
[Result "1-0"]
[WhiteElo "1941"]
[BlackElo "2097"]
[PlyCount "69"]
[EventDate "2015.08.01"]
[EventRounds "9"]
[EventCountry "NED"]

1. d4 Nf6 2. c4 g6 3. Nc3 Bg7 4. e4 d6 5. Nf3 O-O 6. Be2 e5 7. dxe5 dxe5 8.
Qxd8 Rxd8 9. Bg5 Re8 10. Rd1 Na6 11. a3 c6 12. Rd6 Nd7 13. b4 Bf8 14. Rd1 Nc7
15. c5 b6 16. b5 Nxc5 17. bxc6 Ba6 18. Nd5 Rec8 19. Nf6+ Kg7 20. Nxe5 Bxe2 21.
Kxe2 h6 22. Bh4 Nb5 23. Kf3 Ne6 24. Rd7 Rc7 25. Rhd1 Nc5 26. Rd8 Rxd8 27. Rxd8
g5 28. Ne8+ Kg8 29. Nxc7 Nxc7 30. Bg3 N5e6 31. Rc8 Na6 32. Nd7 Kg7 33. Nxf8
Nxf8 34. c7 Ne6 35. Rg8+ 1-0

[Event "19th Hogeschool Zeeland Tournament"]
[Site "Vlissingen"]
[Date "2015.08.07"]
[Round "8"]
[Board "46"]
[White "Wagenvoorde, Guido"]
[Black "Vrolijk, Liam"]
[Result "1/2-1/2"]
[WhiteElo "1824"]
[BlackElo "2095"]
[PlyCount "102"]
[EventDate "2015.08.01"]
[EventRounds "9"]
[EventCountry "NED"]

1. d4 Nf6 2. c4 g6 3. Nc3 Bg7 4. e4 d6 5. Be2 O-O 6. Bg5 h6 7. Be3 e5 8. d5 c5
9. Qd2 Kh7 10. f3 Nh5 11. g4 Nf4 12. Bd1 Bf6 13. Bc2 Bh4+ 14. Kd1 Qf6 15. Rb1
b6 16. Bf2 Na6 17. a3 Nc7 18. Bxh4 Qxh4 19. Qe1 Qxe1+ 20. Kxe1 Ba6 21. b3 b5
22. cxb5 Nxb5 23. Nxb5 Bxb5 24. Kd2 Rfc8 25. h4 c4 26. b4 c3+ 27. Ke3 Bc4 28.
a4 Rab8 29. Rh2 a6 30. Nh3 Nxh3 31. Rxh3 Rc7 32. f4 f6 33. fxe5 fxe5 34. Rf3
Rcb7 35. Kf2 Rxb4 36. Rxb4 Rxb4 37. Rxc3 g5 38. h5 a5 39. Ke3 Kg7 40. Kf3 Kf6
41. Ke3 Ke7 42. Kd2 Ke8 43. Ke1 Kd8 44. Kd2 Kd7 45. Rf3 Ke7 46. Rc3 Kf7 47.
Rf3+ Kg7 48. Rc3 Kg8 49. Rf3 Kg7 50. Rc3 Kg8 51. Rf3 Kg7 1/2-1/2

[Event "19th Hogeschool Zeeland Tournament"]
[Site "Vlissingen"]
[Date "2015.08.07"]
[Round "8"]
[Board "47"]
[White "Goossens, Xavier"]
[Black "Bulthuis, Jelle"]
[Result "1/2-1/2"]
[WhiteElo "2094"]
[BlackElo "1907"]
[PlyCount "50"]
[EventDate "2015.08.01"]
[EventRounds "9"]
[EventCountry "NED"]

1. e4 e5 2. Nf3 Nc6 3. Bb5 a6 4. Ba4 Nf6 5. Nc3 b5 6. Bb3 Be7 7. O-O O-O 8. d3
d6 9. a4 b4 10. Nd5 Bg4 11. Nxf6+ Bxf6 12. Bd5 Qd7 13. c3 Rab8 14. Bc4 bxc3 15.
bxc3 Na5 16. Ba2 Be6 17. Bxe6 Qxe6 18. Bg5 Bxg5 19. Nxg5 Qe7 20. f4 h6 21. Nf3
Rb3 22. f5 f6 23. Qc2 Rfb8 24. Rfb1 Qf7 25. Nd2 R3b7 1/2-1/2

[Event "19th Hogeschool Zeeland Tournament"]
[Site "Vlissingen"]
[Date "2015.08.07"]
[Round "8"]
[Board "48"]
[White "De Wolf, Johan"]
[Black "Van Gemert, Jean-Pierre"]
[Result "1-0"]
[WhiteElo "2088"]
[BlackElo "1841"]
[PlyCount "47"]
[EventDate "2015.08.01"]
[EventRounds "9"]
[EventCountry "NED"]

1. d4 Nf6 2. Nf3 g6 3. e3 Bg7 4. Bd3 d5 5. O-O O-O 6. c3 Nc6 7. Nbd2 Nd7 8. e4
dxe4 9. Nxe4 f5 10. Bc4+ Kh8 11. Neg5 Nf6 12. b4 Qe8 13. Qb3 h6 14. Nf7+ Kh7
15. Re1 a6 16. N7e5 Nd8 17. Nh4 b5 18. Bd3 Be6 19. Qc2 Bf7 20. Nexg6 Bxg6 21.
Nxg6 Kxg6 22. Bxf5+ Kh5 23. Qe2+ Kh4 24. g3# 1-0

[Event "19th Hogeschool Zeeland Tournament"]
[Site "Vlissingen"]
[Date "2015.08.07"]
[Round "8"]
[Board "49"]
[White "Krasenkova, Ilena"]
[Black "Oude Brunink, Elias"]
[Result "1-0"]
[WhiteElo "2087"]
[BlackElo "1735"]
[PlyCount "42"]
[EventDate "2015.08.01"]
[EventRounds "9"]
[EventCountry "NED"]

1. d4 Nf6 2. c4 g6 3. Nc3 d5 4. cxd5 Nxd5 5. Bd2 Bg7 6. e4 Nxc3 7. Bxc3 c5 8.
d5 Bxc3+ 9. bxc3 Qa5 10. Qd2 b5 11. Nf3 Nd7 12. Bd3 c4 13. Bc2 Nc5 14. O-O O-O
15. h4 f5 16. e5 Bb7 17. h5 Ne4 18. Qh6 Bxd5 19. hxg6 hxg6 20. Qxg6+ Kh8 21.
Bxe4 Rg8 1-0

[Event "19th Hogeschool Zeeland Tournament"]
[Site "Vlissingen"]
[Date "2015.08.07"]
[Round "8"]
[Board "50"]
[White "Bruschke, Alexander"]
[Black "Boelhouwer, Collin"]
[Result "0-1"]
[WhiteElo "1555"]
[BlackElo "2158"]
[PlyCount "70"]
[EventDate "2015.08.01"]
[EventRounds "9"]
[EventCountry "NED"]

1. e4 c5 2. Nf3 d6 3. Bb5+ Bd7 4. Bxd7+ Qxd7 5. O-O e6 6. Re1 Nc6 7. c4 g6 8.
d4 Bg7 9. dxc5 dxc5 10. Qxd7+ Kxd7 11. e5 Nh6 12. Bxh6 Bxh6 13. Nc3 Ke7 14. Ne4
b6 15. Rad1 Bg7 16. Rd2 Nxe5 17. Nxe5 Bxe5 18. g3 Rad8 19. Rxd8 Rxd8 20. Nxc5
Bxb2 21. Nb3 Rc8 22. Re2 Bc3 23. Rc2 Rxc4 24. Nd2 Rc7 25. Kf1 Be5 26. Rxc7+
Bxc7 27. Ke2 g5 28. h3 h5 29. g4 h4 30. Nf3 Bf4 31. Nd4 Kd7 32. Kd3 a6 33. Ke4
Kd6 34. Ne2 Be5 35. f4 Bxf4 0-1

[Event "19th Hogeschool Zeeland Tournament"]
[Site "Vlissingen"]
[Date "2015.08.08"]
[Round "9"]
[Board "13"]
[White "Warmerdam, Max"]
[Black "Van Delft, Merijn"]
[Result "1/2-1/2"]
[WhiteElo "2236"]
[BlackElo "2410"]
[PlyCount "64"]
[EventDate "2015.08.01"]
[EventRounds "9"]
[EventCountry "NED"]

1. e4 c6 2. d4 d5 3. Nc3 dxe4 4. Nxe4 Bf5 5. Ng3 Bg6 6. Nf3 e6 7. h4 h6 8. Ne5
Bh7 9. Bd3 Bxd3 10. Qxd3 Nd7 11. f4 Bb4+ 12. c3 Bd6 13. Ne4 Ndf6 14. Nxd6+ Qxd6
15. Qg3 g6 16. h5 gxh5 17. O-O Rh7 18. f5 O-O-O 19. Bf4 Qd5 20. Rae1 Ne4 21.
Qh3 Ngf6 22. fxe6 fxe6 23. Kh1 Ng4 24. Nxg4 hxg4 25. Qxg4 Rf7 26. Kg1 Rdf8 27.
Bh2 Rxf1+ 28. Rxf1 Rxf1+ 29. Kxf1 b6 30. Qf4 Kb7 31. Qxh6 Qc4+ 32. Kg1 Qe2
 1/2-1/2

[Event "19th Hogeschool Zeeland Tournament"]
[Site "Vlissingen"]
[Date "2015.08.08"]
[Round "9"]
[Board "14"]
[White "Voege, Tobias"]
[Black "Beshukov, Sergei"]
[Result "1/2-1/2"]
[WhiteElo "2191"]
[BlackElo "2382"]
[PlyCount "251"]
[EventDate "2015.08.01"]
[EventRounds "9"]
[EventCountry "NED"]

1. d4 g6 2. c4 c6 3. Nc3 Bg7 4. Bg5 Qb6 5. Nf3 Qxb2 6. Rc1 Qb6 7. e4 d6 8. Be2
Nf6 9. h3 Qc7 10. Qd2 Nbd7 11. O-O O-O 12. c5 dxc5 13. e5 cxd4 14. Qxd4 Nh5 15.
Nd5 Qb8 16. Nxe7+ Kh8 17. Nxc8 Qxc8 18. g4 f6 19. gxh5 fxg5 20. Rfd1 Nxe5 21.
Nxe5 Qe6 22. Rc5 Rae8 23. hxg6 Bxe5 24. Qd7 Qxd7 25. Rxd7 hxg6 26. Bd3 Rf6 27.
Rxb7 Bd4 28. Rc2 Ref8 29. Rd7 Bxf2+ 30. Kh1 Bb6 31. a4 Re8 32. Re2 Rxe2 33.
Bxe2 Rf2 34. Re7 a5 35. Re6 Bd4 36. Bc4 c5 37. Rxg6 Rc2 38. Rg8+ Kh7 39. Bd5
Rc1+ 40. Kg2 Ra1 41. Kf3 Rxa4 42. Rxg5 c4 43. Rg4 c3 44. Ke2 Rb4 45. Kd3 Kh6
46. Bf7 a4 47. Rg6+ Kh7 48. Rg4 a3 49. Be6 Kh6 50. Bf7 Ra4 51. Be6 c2 52. Kxc2
a2 53. Bxa2 Rxa2+ 54. Kd3 Bf6 55. Ke4 Ra5 56. Kf3 Ra3+ 57. Kg2 Kh5 58. Kh2 Be5+
59. Kg2 Ra2+ 60. Kg1 Bf6 61. Kh1 Rd2 62. Kg1 Be5 63. Kf1 Rh2 64. Re4 Bf6 65.
Re3 Kg5 66. Kg1 Rd2 67. Re4 Kf5 68. Rg4 Be5 69. Rc4 Bd4+ 70. Kf1 Ke4 71. Rc8
Be3 72. Ke1 Rg2 73. Re8+ Kd3 74. Rd8+ Bd4 75. Rf8 Rg4 76. Rf1 Rg3 77. h4 Rh3
78. h5 Rxh5 79. Rf3+ Be3 80. Kf1 Rg5 81. Ke1 Rg2 82. Rf8 Rg1+ 83. Rf1 Rg7 84.
Rf8 Ke4 85. Ke2 Rg2+ 86. Kf1 Rc2 87. Ke1 Ra2 88. Kd1 Kd3 89. Rd8+ Bd4 90. Rc8
Rd2+ 91. Ke1 Re2+ 92. Kd1 Rg2 93. Re8 Rh2 94. Re6 Rd2+ 95. Ke1 Ra2 96. Kf1 Be3
97. Rd6+ Ke4 98. Ke1 Bd4 99. Kd1 Kd3 100. Rc6 Rh2 101. Re6 Rd2+ 102. Ke1 Ra2
103. Kf1 Be3 104. Rd6+ Ke4 105. Ke1 Kf3 106. Kd1 Rh2 107. Rd8 Rh1+ 108. Kc2
Rc1+ 109. Kb3 Ke4 110. Kb4 Bd4 111. Rg8 Kd3 112. Rg3+ Be3 113. Kb5 Rc5+ 114.
Kb4 Rc6 115. Rh3 Rb6+ 116. Ka5 Rb1 117. Rh4 Bd4 118. Ka4 Kc4 119. Rh3 Rg1 120.
Rf3 Rg7 121. Rf5 Rb7 122. Rh5 Rb4+ 123. Ka5 Rb1 124. Ka6 Rb6+ 125. Ka5 Rf6 126.
Ka4 1/2-1/2

[Event "19th Hogeschool Zeeland Tournament"]
[Site "Vlissingen"]
[Date "2015.08.08"]
[Round "9"]
[Board "15"]
[White "Kevlishvili, Robby"]
[Black "Goormachtigh, Johan"]
[Result "1/2-1/2"]
[WhiteElo "2357"]
[BlackElo "2191"]
[PlyCount "41"]
[EventDate "2015.08.01"]
[EventRounds "9"]
[EventCountry "NED"]

1. e4 c5 2. Nf3 e6 3. d4 cxd4 4. Nxd4 Nc6 5. Nc3 Qc7 6. f4 a6 7. Nxc6 Qxc6 8.
Bd3 b5 9. Qe2 Bb7 10. Bd2 Bc5 11. O-O-O Ne7 12. a3 O-O 13. Qh5 f6 14. g4 Rf7
15. Qh3 Rc8 16. Na2 e5 17. Rhf1 exf4 18. Bxf4 Qe6 19. Nb4 Bxb4 20. axb4 Bxe4
21. Rfe1 1/2-1/2

[Event "19th Hogeschool Zeeland Tournament"]
[Site "Vlissingen"]
[Date "2015.08.08"]
[Round "9"]
[Board "16"]
[White "Timmermans, Ivo"]
[Black "Timmermans, Mark"]
[Result "0-1"]
[WhiteElo "2183"]
[BlackElo "2352"]
[PlyCount "58"]
[EventDate "2015.08.01"]
[EventRounds "9"]
[EventCountry "NED"]

1. e4 e5 2. Nf3 Nc6 3. Bb5 f5 4. Nc3 fxe4 5. Nxe4 Nf6 6. Nxf6+ Qxf6 7. Qe2 Be7
8. Bxc6 bxc6 9. O-O d6 10. d4 Bg4 11. dxe5 Bxf3 12. Qxf3 Qxf3 13. gxf3 dxe5 14.
f4 e4 15. Be3 O-O 16. Rad1 Bd6 17. Rd4 Rae8 18. Ra4 Bxf4 19. Bxf4 Rxf4 20. Re1
Re5 21. Rxa7 Rg5+ 22. Kf1 Rgf5 23. Rxc7 Rxf2+ 24. Kg1 Rxc2 25. Rxe4 h5 26. Re3
Rd5 27. Rc8+ Kh7 28. Rf8 Rdd2 29. Rc3 Rxb2 0-1

[Event "19th Hogeschool Zeeland Tournament"]
[Site "Vlissingen"]
[Date "2015.08.08"]
[Round "9"]
[Board "17"]
[White "Van Dooren, Dirk"]
[Black "Heltzel, Joost"]
[Result "0-1"]
[WhiteElo "2333"]
[BlackElo "2216"]
[PlyCount "106"]
[EventDate "2015.08.01"]
[EventRounds "9"]
[EventCountry "NED"]

1. e4 c5 2. Nc3 g6 3. g3 Bg7 4. Bg2 Nc6 5. d3 d6 6. Be3 Nf6 7. h3 O-O 8. Nge2
e5 9. O-O Nd4 10. Rb1 Be6 11. b4 Nxe2+ 12. Qxe2 cxb4 13. Rxb4 d5 14. Bg5 Qa5
15. Rfb1 dxe4 16. Nxe4 Nxe4 17. Qxe4 Qxa2 18. R4b2 Qa5 19. Qxb7 Rac8 20. c4 Rc7
21. Qb5 Qa3 22. Qb3 Qd6 23. Bd2 Rfc8 24. Ba5 Rd7 25. Rd2 h5 26. h4 Bh6 27. Rdd1
Bg4 28. Re1 Qxd3 29. Qxd3 Rxd3 30. Bd5 Bf3 31. Rxe5 Bg7 32. Bxf3 Bxe5 33. Bd5
Ra3 34. Bd2 Ra1 35. Rxa1 Bxa1 36. Be3 a5 37. Kf1 Be5 38. Ke2 Bd6 39. Kd3 Kf8
40. Kc3 Bc5 41. Bxc5+ Rxc5 42. Kd4 a4 43. Kc3 a3 44. Kb3 Ra5 45. Ka2 Ke7 46.
Be4 Kd6 47. f4 f5 48. Bh1 Kc5 49. Bd5 Ra7 50. Bg8 Kb4 51. Bd5 Re7 52. Bg8 Re2+
53. Ka1 a2 0-1

[Event "19th Hogeschool Zeeland Tournament"]
[Site "Vlissingen"]
[Date "2015.08.08"]
[Round "9"]
[Board "18"]
[White "Lentjes, Noud"]
[Black "De Jong, Migchiel"]
[Result "0-1"]
[WhiteElo "2116"]
[BlackElo "2319"]
[PlyCount "122"]
[EventDate "2015.08.01"]
[EventRounds "9"]
[EventCountry "NED"]

1. e4 e6 2. d4 d5 3. Nd2 c5 4. exd5 Qxd5 5. Ngf3 cxd4 6. Bc4 Qd6 7. O-O Nf6 8.
Nb3 Nc6 9. Nbxd4 Nxd4 10. Nxd4 a6 11. Re1 Qc7 12. Bb3 Bd6 13. Nf5 Bxh2+ 14. Kh1
O-O 15. Nxg7 Rd8 16. Qf3 Kxg7 17. Bh6+ Kg6 18. c3 Nh5 19. Be3 f5 20. g4 Nf6 21.
Bc2 Bd7 22. gxf5+ exf5 23. Qg2+ Bg3 24. Qxg3+ Qxg3 25. fxg3 Bc6+ 26. Kg1 Be4
27. Bb3 Ng4 28. Bf4 Kf6 29. Rad1 Ne5 30. Rxd8 Rxd8 31. Re2 b5 32. Bc2 Ng6 33.
Be3 Bxc2 34. Rxc2 Rd1+ 35. Kg2 h5 36. Bd4+ Kg5 37. Kf3 Rf1+ 38. Kg2 Re1 39. Kf3
Re4 40. Be3+ Kf6 41. Bd4+ Ke6 42. Rh2 h4 43. gxh4 Nxh4+ 44. Kf2 Rf4+ 45. Ke2
Rg4 46. Bf2 Ng6 47. Rh7 Nf4+ 48. Kf3 Nd3 49. Rh6+ Kd5 50. Bd4 Nxb2 51. Rxa6 Nc4
52. a4 b4 53. Rf6 Nd6 54. Rf8 Rh4 55. Kg3 Re4 56. Kf3 b3 57. Rb8 Nc4 58. a5 b2
59. Kf2 Re6 60. Rb5+ Ke4 61. Ke2 f4 0-1

[Event "19th Hogeschool Zeeland Tournament"]
[Site "Vlissingen"]
[Date "2015.08.08"]
[Round "9"]
[Board "19"]
[White "Hoogland, Mike"]
[Black "Brink, Barry"]
[Result "0-1"]
[WhiteElo "2035"]
[BlackElo "2302"]
[PlyCount "86"]
[EventDate "2015.08.01"]
[EventRounds "9"]
[EventCountry "NED"]

1. d4 Nf6 2. c4 e6 3. Nf3 Bb4+ 4. Bd2 Qe7 5. e3 Bxd2+ 6. Qxd2 d5 7. Nc3 O-O 8.
Be2 dxc4 9. Bxc4 c5 10. O-O Rd8 11. Rad1 Nc6 12. Qe2 cxd4 13. exd4 Bd7 14. a3
Be8 15. Rfe1 Qc7 16. d5 exd5 17. Nxd5 Nxd5 18. Rxd5 h6 19. Bd3 Kf8 20. Rc5 Qd6
21. Rc3 Qf4 22. Qe4 g6 23. Qe3 Kg7 24. Be4 Rd6 25. h4 Bd7 26. h5 g5 27. Qc1 Rd8
28. Bb1 Bf5 29. Bxf5 Qxf5 30. Rc5 Qf6 31. Qc2 Rd3 32. Qe2 R8d6 33. Qe4 Rd1 34.
Qe2 Rxe1+ 35. Nxe1 Re6 36. Qd2 Nd4 37. f3 Re2 38. Qc3 Rxb2 39. Kf1 Rb3 40. Qc1
Ne6 41. Rc8 Qe5 42. Kg1 Nf4 43. Qd2 Rb1 0-1

[Event "19th Hogeschool Zeeland Tournament"]
[Site "Vlissingen"]
[Date "2015.08.08"]
[Round "9"]
[Board "20"]
[White "Yankelevich, Lev"]
[Black "Sekandar, Kambiz"]
[Result "1-0"]
[WhiteElo "2420"]
[BlackElo "2130"]
[PlyCount "103"]
[EventDate "2015.08.01"]
[EventRounds "9"]
[EventCountry "NED"]

1. e4 c6 2. d4 d5 3. Nc3 dxe4 4. Nxe4 Bf5 5. Ng3 Bg6 6. h4 h6 7. Nf3 Nd7 8. h5
Bh7 9. Bd3 Bxd3 10. Qxd3 e6 11. Bd2 Ngf6 12. O-O-O Be7 13. Kb1 Qc7 14. Ne4 c5
15. Nxf6+ Nxf6 16. Qb5+ Qd7 17. Qe2 cxd4 18. Be3 O-O 19. Bxd4 Qc6 20. Ne5 Qe4
21. Qd2 Nd5 22. f3 Qf5 23. g4 Qf4 24. c4 Qxd2 25. Rxd2 Bg5 26. Rdd1 Nf4 27. Be3
Rfd8 28. Kc2 f6 29. Bxf4 Bxf4 30. Ng6 Bc7 31. b4 Kf7 32. Kb3 a6 33. c5 Rxd1 34.
Rxd1 Rd8 35. Rxd8 Bxd8 36. Kc4 Bc7 37. b5 axb5+ 38. Kxb5 f5 39. gxf5 e5 40. c6
bxc6+ 41. Kxc6 Ba5 42. Kd5 Kf6 43. Ke4 Kg5 44. Nxe5 Kxh5 45. f4 Bb4 46. a4 Be1
47. Kf3 Bc3 48. Kg3 Be1+ 49. Kf3 Bc3 50. Nc6 g5 51. fxg6 Kxg6 52. a5 1-0

[Event "19th Hogeschool Zeeland Tournament"]
[Site "Vlissingen"]
[Date "2015.08.08"]
[Round "9"]
[Board "21"]
[White "Van Overdam, Julian"]
[Black "Kampman, Tijmen"]
[Result "1-0"]
[WhiteElo "2367"]
[BlackElo "2102"]
[PlyCount "55"]
[EventDate "2015.08.01"]
[EventRounds "9"]
[EventCountry "NED"]

1. e4 e6 2. d4 d5 3. Nd2 Nc6 4. Ngf3 Nf6 5. e5 Nd7 6. c3 f6 7. Bb5 g6 8. h4 Bg7
9. h5 fxe5 10. dxe5 Ndxe5 11. Nxe5 Bxe5 12. Nf3 Bf6 13. hxg6 hxg6 14. Rxh8+
Bxh8 15. Qc2 Qf6 16. Bg5 Qg7 17. O-O-O Bd7 18. Re1 Kf8 19. Bxc6 bxc6 20. Ne5
Be8 21. Qa4 Kg8 22. Ng4 Qf8 23. Nh6+ Kg7 24. Qd4+ Kh7 25. Qh4 Bg7 26. Nf5+ Kg8
27. Ne7+ Kf7 28. Qf4+ 1-0

[Event "19th Hogeschool Zeeland Tournament"]
[Site "Vlissingen"]
[Date "2015.08.08"]
[Round "9"]
[Board "22"]
[White "Boulahfa, Hicham"]
[Black "Bezemer, Arno"]
[Result "1-0"]
[WhiteElo "2101"]
[BlackElo "2305"]
[PlyCount "91"]
[EventDate "2015.08.01"]
[EventRounds "9"]
[EventCountry "NED"]

1. c4 g6 2. Nc3 Bg7 3. g3 Nf6 4. Bg2 O-O 5. Nf3 d6 6. O-O Nc6 7. d4 a6 8. e4
Bg4 9. h3 Bxf3 10. Bxf3 e5 11. d5 Nd4 12. Bg2 c5 13. dxc6 bxc6 14. Be3 Rb8 15.
Qd2 Nd7 16. f4 Qb6 17. Rf2 f5 18. Rd1 Nc5 19. b3 a5 20. fxe5 dxe5 21. exf5 gxf5
22. Ne2 Rbd8 23. Nxd4 exd4 24. Bh6 Rd7 25. Kh2 Re7 26. Qg5 Qc7 27. Rxf5 Rxf5
28. Qxf5 Bxh6 29. Qxc5 Rg7 30. Qxc6 Qxg3+ 31. Kh1 Kh8 32. Qf3 Qd6 33. Qa8+ Rg8
34. Qd5 Qg6 35. Qxd4+ Bg7 36. Qd3 Qg5 37. Bd5 Re8 38. Rg1 Qf4 39. Qf3 Qd4 40.
Qg4 Qe5 41. Qg5 Qxg5 42. Rxg5 Re2 43. c5 Re5 44. c6 Re7 45. Bc4 Ra7 46. Rc5 1-0

[Event "19th Hogeschool Zeeland Tournament"]
[Site "Vlissingen"]
[Date "2015.08.08"]
[Round "9"]
[Board "23"]
[White "De Wolf, Johan"]
[Black "Van Foreest, Lucas"]
[Result "1/2-1/2"]
[WhiteElo "2088"]
[BlackElo "2293"]
[PlyCount "104"]
[EventDate "2015.08.01"]
[EventRounds "9"]
[EventCountry "NED"]

1. d4 Nf6 2. Nf3 b6 3. g3 Bb7 4. Bg2 e6 5. c4 Be7 6. Nc3 O-O 7. d5 exd5 8. cxd5
Bb4 9. Nh4 Na6 10. O-O Re8 11. Nb5 Bf8 12. Bf4 d6 13. Nc3 Nc5 14. Nf5 Qd7 15.
Nd4 g6 16. Qc2 a5 17. b3 Bg7 18. Rad1 Ba6 19. a3 b5 20. b4 axb4 21. axb4 Na4
22. Rfe1 Nb6 23. e4 Nfxd5 24. Nxd5 Nxd5 25. exd5 Rxe1+ 26. Rxe1 Bxd4 27. Qd2
Bg7 28. Qe3 Bb7 29. Rc1 h5 30. h4 Ra2 31. Bf3 Bc8 32. Bg2 Kh7 33. Bf3 Rb2 34.
Qa7 c5 35. Qxd7 Bxd7 36. bxc5 dxc5 37. Rxc5 Bd4 38. Rc7 Rxf2 39. Rxd7 Rxf3+ 40.
Kg2 Rf2+ 41. Kh1 Kg7 42. Rb7 Rf1+ 43. Kg2 Rb1 44. Kf3 Bf6 45. Bd6 Bc3 46. Ke4
b4 47. Kd3 Rd1+ 48. Kc4 Rd4+ 49. Kc5 Kf6 50. Bf4 Rd1 51. d6 Be5 52. Bg5+ Ke6
 1/2-1/2

[Event "19th Hogeschool Zeeland Tournament"]
[Site "Vlissingen"]
[Date "2015.08.08"]
[Round "9"]
[Board "24"]
[White "Maris, Ivo"]
[Black "Hoffman, Ron"]
[Result "0-1"]
[WhiteElo "2288"]
[BlackElo "2074"]
[PlyCount "134"]
[EventDate "2015.08.01"]
[EventRounds "9"]
[EventCountry "NED"]

1. Nc3 g6 2. d4 Bg7 3. e4 d6 4. f4 a6 5. Nf3 b5 6. Bd3 Nd7 7. e5 Bb7 8. Qe2 Nh6
9. e6 fxe6 10. Ng5 Nf8 11. Bxb5+ c6 12. Bc4 d5 13. Bd3 Bxd4 14. Nxe6 Nxe6 15.
Qxe6 Qd7 16. Qxd7+ Kxd7 17. Ne2 Ba7 18. h3 Nf5 19. g4 Ne3 20. c3 Rhf8 21. f5
gxf5 22. Nd4 f4 23. Bxe3 fxe3 24. Bf5+ Kd6 25. Bxh7 c5 26. Nf5+ Kd7 27. O-O-O
d4 28. Rhe1 Bf3 29. Rxe3 Bxd1 30. Rxe7+ Kd8 31. Re6 Bf3 32. g5 Bb8 33. g6 Bf4+
34. Kc2 Rxf5 35. g7 Rg5 36. g8=Q+ Rxg8 37. Bxg8 Kd7 38. Bf7 Rf8 39. Rf6 Be4+
40. Kd1 Bg5 41. Rf1 Ke7 42. cxd4 Rxf7 43. Rxf7+ Kxf7 44. dxc5 Ke6 45. b4 Kd5
46. a4 Kc4 47. b5 axb5 48. axb5 Kxb5 49. c6 Kxc6 50. h4 Bxh4 51. Kd2 Kd5 52.
Kc3 Be1+ 53. Kb3 Kc5 54. Ka4 Kc4 55. Ka3 Bc2 56. Kb2 Bb3 57. Ka3 Bd2 58. Kb2
Be3 59. Ka1 Kc3 60. Kb1 Bd2 61. Ka1 Kb4 62. Kb2 Be3 63. Ka1 Ka3 64. Kb1 Bd1 65.
Ka1 Kb3 66. Kb1 Bc2+ 67. Ka1 Bd4# 0-1

[Event "19th Hogeschool Zeeland Tournament"]
[Site "Vlissingen"]
[Date "2015.08.08"]
[Round "9"]
[Board "25"]
[White "Stillger, Bernhard"]
[Black "Ducarmon, Renzo"]
[Result "1-0"]
[WhiteElo "2279"]
[BlackElo "2092"]
[PlyCount "89"]
[EventDate "2015.08.01"]
[EventRounds "9"]
[EventCountry "NED"]

1. d4 Nf6 2. c4 g6 3. Nc3 Bg7 4. e4 d6 5. Nf3 O-O 6. Be2 e5 7. dxe5 dxe5 8.
Qxd8 Rxd8 9. Bg5 Re8 10. Nd5 Nxd5 11. cxd5 f6 12. Be3 Bf8 13. Nd2 Nd7 14. Rc1
f5 15. f3 Bd6 16. O-O Nf6 17. h3 Bd7 18. g4 h5 19. g5 f4 20. Bf2 Bxh3 21. gxf6
Bxf1 22. Bxf1 Kf7 23. Bh3 Kxf6 24. Kf1 g5 25. Ke2 Rg8 26. Be6 Rg7 27. Rh1 Rh8
28. a3 a6 29. Nc4 Kg6 30. Bf5+ Kf6 31. Na5 b6 32. Nc6 Rgg8 33. Be6 Rg6 34. Nb4
a5 35. Nd3 Ke7 36. Bf5 Rgg8 37. a4 b5 38. axb5 Rb8 39. b6 cxb6 40. Rc1 Rb7 41.
Rc6 Rhb8 42. Nxe5 Bxe5 43. Re6+ Kf7 44. Rxe5 Rd8 45. Re6 1-0

[Event "19th Hogeschool Zeeland Tournament"]
[Site "Vlissingen"]
[Date "2015.08.08"]
[Round "9"]
[Board "26"]
[White "Provoost, Simon"]
[Black "Krasenkova, Ilena"]
[Result "1-0"]
[WhiteElo "2240"]
[BlackElo "2087"]
[PlyCount "101"]
[EventDate "2015.08.01"]
[EventRounds "9"]
[EventCountry "NED"]

1. c4 c6 2. g3 d5 3. Nf3 Nf6 4. Bg2 dxc4 5. a4 g6 6. Qc2 Bg7 7. Qxc4 Be6 8. Qc2
O-O 9. O-O a5 10. d3 Na6 11. Bd2 Nd5 12. Bc3 Nab4 13. Qd2 Nxc3 14. bxc3 Nd5 15.
Rc1 Rb8 16. Na3 Bg4 17. Rab1 Nb6 18. Qc2 Nd5 19. Rb3 Nb6 20. Rb2 Nd5 21. d4 Qc7
22. e4 Nf6 23. Ne5 Be6 24. Qe2 Ne8 25. Nd3 b6 26. Nf4 Bc8 27. e5 e6 28. Rcb1
Bh6 29. Nd3 Ba6 30. Qe4 Bxd3 31. Qxd3 c5 32. Nc4 cxd4 33. cxd4 Rd8 34. Rxb6 Qd7
35. Nxa5 Qxa4 36. Nc6 Rd7 37. Ra6 Qxa6 38. Qxa6 Nc7 39. Qa7 Kg7 40. Rb8 Bd2 41.
Rxf8 Kxf8 42. Qb7 Kg7 43. Qc8 Rd5 44. Qxc7 Rb5 45. Nd8 Ba5 46. Qxf7+ Kh6 47.
Nxe6 Rb1+ 48. Bf1 Bd2 49. Qf8+ Kh5 50. Qf3+ Kh6 51. g4 1-0